[Event "POL-ch U18 Girls"]
[Site "Jastrzebia Gora"]
[Date "2023.??.??"]
[Round "4"]
[White "Dallemura, Anna"]
[Black "Pietruszka, Julia"]
[Result "1-0"]
[WhiteElo "1496"]
[BlackElo "1151"]
[PlyCount "73"]
[EventDate "2023.03.11"]
[EventType "swiss"]
[EventRounds "9"]
[EventCountry "POL"]
[SourceTitle "CBM 213 Extra"]
[Source "ChessBase"]
[SourceDate "2023.05.31"]
[SourceVersion "1"]
[SourceVersionDate "2023.05.31"]
[SourceQuality "1"]

1. e4 e5 2. Nf3 Nc6 3. Bb5 Nf6 4. d3 Bc5 5. 0-0 d6 6. c3 a6 7. Ba4 b5 8. Bc2 Bb6 9. Nbd2 0-0 10. h3 Ne7 11. Re1 Ng6 12. Nf1 Re8 13. Ng3 Bb7 14. d4 exd4 15. cxd4 c5 16. b3 h6 17. d5 Nd7 18. Nh2 Nde5 19. Rf1 Rc8 20. Nf5 c4 21. Kh1 cxb3 22. axb3 Ne7 23. Ng3 N7g6 24. f4 Nd7 25. Bb2 Nf6 26. Bd3 Be3 27. Bxf6 Qxf6 28. Ng4 Qd4 29. Nf5 Qb4 30. Ngxe3 Ne7 31. Qg4 g6 32. Nxh6+ Kg7 33. Nhf5+ Nxf5 34. Nxf5+ Kf8 35. Nh4 Qd4 36. Rad1 Rc3 37. Bxb5 1-0

[Event "POL-ch U18 Girls"]
[Site "Jastrzebia Gora"]
[Date "2023.??.??"]
[Round "6"]
[White "Pietrzak, Emilia"]
[Black "Pietruszka, Julia"]
[Result "1-0"]
[WhiteElo "1424"]
[BlackElo "1151"]
[PlyCount "45"]
[EventDate "2023.03.11"]
[EventType "swiss"]
[EventRounds "9"]
[EventCountry "POL"]
[SourceTitle "CBM 213 Extra"]
[Source "ChessBase"]
[SourceDate "2023.05.31"]
[SourceVersion "1"]
[SourceVersionDate "2023.05.31"]
[SourceQuality "1"]

1. e4 d6 2. d4 Nf6 3. Nc3 e5 4. Nf3 Nbd7 5. Bc4 Nb6 6. Bb3 Be7 7. dxe5 dxe5 8. Qxd8+ Bxd8 9. Nxe5 0-0 10. Be3 Nbd7 11. Nxd7 Bxd7 12. f3 Re8 13. 0-0-0 Be7 14. e5 Rad8 15. exf6 Bxf6 16. Rhe1 Rxe3 17. Rxe3 Bg5 18. Rdd3 Re8 19. Ne4 Bxe3+ 20. Rxe3 Kf8 21. Kd2 Rd8 22. Rd3 Ke7 23. Nc5 1-0